Chính tả tiếng Việt
Sách trình bày các chữ viết tiếng Việt, đặc điểm và một vài vấn đề về nội dung và cấu tạo của cuốn sách, cách viết các chữ đôi dễ lẫn, các chữ đơn từng cặp, các chữ kép và dấu dùng thế nào cho đúng...
שמור ב:
| מחבר ראשי: | |
|---|---|
| פורמט: | ספר |
| שפה: | Undetermined |
| יצא לאור: |
Đà Nẵng
Nxb Đà Nẵng
2003
|
| נושאים: | |
| תגים: |
הוספת תג
אין תגיות, היה/י הראשונ/ה לתייג את הרשומה!
|
| Thư viện lưu trữ: | Trung tâm Học liệu Trường Đại học Cần Thơ |
|---|
| LEADER | 00903nam a2200217Ia 4500 | ||
|---|---|---|---|
| 001 | CTU_87099 | ||
| 008 | 210402s9999 xx 000 0 und d | ||
| 020 | |c 85000 | ||
| 082 | |a 495.92231 | ||
| 082 | |b Ph250 | ||
| 100 | |a Hoàng, Phê | ||
| 245 | 0 | |a Chính tả tiếng Việt | |
| 245 | 0 | |c Hoàng Phê | |
| 260 | |a Đà Nẵng | ||
| 260 | |b Nxb Đà Nẵng | ||
| 260 | |c 2003 | ||
| 520 | |a Sách trình bày các chữ viết tiếng Việt, đặc điểm và một vài vấn đề về nội dung và cấu tạo của cuốn sách, cách viết các chữ đôi dễ lẫn, các chữ đơn từng cặp, các chữ kép và dấu dùng thế nào cho đúng | ||
| 650 | |a Vietnamese language | ||
| 650 | |x Orthography and spelling | ||
| 904 | |i Năm | ||
| 980 | |a Trung tâm Học liệu Trường Đại học Cần Thơ | ||